|
|
|
|
| LEADER |
00768cam a2200217 7i4500 |
| 001 |
0000003430 |
| 005 |
20220929090000.0 |
| 020 |
|
|
|a 0138891559
|
| 090 |
0 |
0 |
|a HG4521
|b .F33 1999
|
| 100 |
1 |
|
|a Fabozzi, Frank J
|
| 245 |
1 |
0 |
|a Investment management
|c Frank J. Fabozzi ; with contributions from T. Daniel Coggin, Bruce Collins, John Ritchie, Jr.
|
| 260 |
|
|
|a Upper Saddle River, N.J.:
|b Pearson Education,
|c 1999.
|
| 300 |
|
|
|a xxii, 837 p.:
|b ill.;
|c 26 cm.
|
| 504 |
|
|
|a Includes bibliographical references and index
|
| 650 |
0 |
0 |
|a Investment analysis
|
| 650 |
0 |
0 |
|a Investments
|
| 700 |
1 |
|
|a Ritchie, John
|
| 700 |
1 |
|
|a Coggin, T. Daniel
|
| 700 |
1 |
|
|a Collins, Bruce
|
| 997 |
|
|
|a Business & Accountancy, Faculty
|
| 999 |
|
|
|a 0000001858
|b BOK
|c OPEN SHELF
|e 1st Floor, Shah Alam
|